| 000 | 00397cam a22001217a 4500 | ||
|---|---|---|---|
| 008 | 180718b1991 xxu||||| |||| 00| 0 eng d | ||
| 082 | _aAPPPA 90-91 SUJ | ||
| 100 | _aSujaya, C.P. | ||
| 245 |
_aExploratory study of the problems of prostitutes and their children _cby C.P. Sujaya |
||
| 260 |
_aNew Delhi _bIndian Institute of Public Administration _c1991 |
||
| 300 | _a179+p. | ||
| 650 | _aProstitution | ||
| 999 |
_c501535 _d501535 |
||